000 01584nam a22003617i 4500
003 URS
005 20240708201041.0
008 220524t2021 ph ||||| |||| 00| 0 eng d
020 _a9786210423167
040 _aCvSU-CCAT Campus Library.
_bEnglish.
_cCvSU-CCAT Campus Library.
_erda.
_cURS
_dDLC
050 1 4 _aLC 1200
_bC72 2021
082 _a371.9
_bC72 2021
100 _aAtos-Yuzon, Marie Rose.
245 _aA course module for:
_binclusive education in early childhood settings /
_cMarie Rose Atos-Yuzon [and three others]; Greg Tabios Pawilen, coordinator.
250 _a2021 edition.
264 1 _aManila :
_bRex Book Store,
_cc2021.
300 _avi, 126 pages ;
_c26 cm
336 _atext
_btxt
_2rdacontent
337 _aunmediated
_bn
_2rdamedia
338 _avolume
_bnc
_2rdacarrier
490 _a(TEACH series)
501 _aOutcomes-Based Education (OBE).
504 _aIncludes bibliographical references (pages 117-122), and indexes.
505 _aChapter 1 : Foundations of inclusion in early childhood Chapter 2 : Making early childhood settings inclusive Chapter 3 : Developmental milestones and red flags Chapter 4 : Inclusive early childhood programs Chapter 5 : Children in marginalized groups
546 _aIn English text.
650 0 _aInclusive education.
650 0 _aEarly childhood education.
700 1 _aLigon, Clarissa Carmelita Mariano,
_eauthor.
700 1 _aHalal, Cristina Nieves Aligada,
_eauthor.
700 1 _aPadilla, Cristina Rowena Salcedo,
_eauthor.
700 1 _aPawilen, Greg Tabios.
_ecoordinator.
942 _2ddc
_cF
999 _c68978
_d68978